the bright star catalogue (Record no. 8923)

MARC details
000 -LEADER
fixed length control field 00616nam a2200205Ia 4500
003 - CONTROL NUMBER IDENTIFIER
control field IN-BaIIA
008 - FIXED-LENGTH DATA ELEMENTS--GENERAL INFORMATION
fixed length control field 211028s9999 xx 000 0 eng d
040 ## - CATALOGING SOURCE
Transcribing agency IIA Library
080 ## - UNIVERSAL DECIMAL CLASSIFICATION NUMBER
Universal Decimal Classification number 083.8:524
Item number HOF
100 ## - MAIN ENTRY--PERSONAL NAME
Personal name Hoffleit, D.
245 #4 - TITLE STATEMENT
Title the bright star catalogue
Statement of responsibility, etc. D. Hoffleit
250 ## - EDITION STATEMENT
Edition statement 14th ed.
260 ## - PUBLICATION, DISTRIBUTION, ETC.
Place of publication, distribution, etc. Cunnecticut
Name of publisher, distributor, etc. Yale University Observatory
Date of publication, distribution, etc. 1982
300 ## - PHYSICAL DESCRIPTION
Extent xiii, 472p.
650 ## - SUBJECT ADDED ENTRY--TOPICAL TERM
Topical term or geographic name entry element Star names
9 (RLIN) 14995
650 ## - SUBJECT ADDED ENTRY--TOPICAL TERM
Topical term or geographic name entry element Star-Catalogs
9 (RLIN) 11737
650 ## - SUBJECT ADDED ENTRY--TOPICAL TERM
Topical term or geographic name entry element Supplement-Bright star catalogue
9 (RLIN) 14996
650 ## - SUBJECT ADDED ENTRY--TOPICAL TERM
Topical term or geographic name entry element Variable star
9 (RLIN) 5894
942 ## - ADDED ENTRY ELEMENTS (KOHA)
Koha item type Books
Holdings
Withdrawn status Lost status Damaged status Not for loan Home library Current library Shelving location Date acquired Total Checkouts Full call number Barcode Date last seen Price effective from Koha item type
        IIA Library-Bangalore IIA Library-Bangalore General Stacks 01/01/1987   083.8:524/ HOF 9808 05/11/2021 01/01/1987 Books

Powered by Koha